Yumurcak Veda [Betacam SP Videorecording] (Record no. 116537)

MARC details
000 -BAŞLIK
Sabit Uzunluktaki Kontrol Alanı 02462nam a22005297a 4500
003 - KONTROL NUMARASI KİMLİĞİ
Kontrol Alanı KOHA_MİRAKIL
005 - EN SON İŞLEM TARİHİ ve ZAMANI
Kontrol Alanı 20240814100434.0
008 - SABİT UZUNLUKTAKİ VERİ ÖGELERİ - GENEL BİLGİ
Sabit Alan 230929b ||||| |||| 00| 0 eng d
040 ## - KATALOGLAMA KAYNAĞI
Özgün Kataloglama Kurumu TR-IsTIV
Kataloglama Dili tur
Çeviri Kurumu TR-IsTIV
041 ## - DİL KODU
Metin ya da ses kaydının dil kodu tur
Özgün materyalin dil kodu tur
Orjinal Dil Kodu tur
090 ## - YEREL YER NUMARASI
Yerel Yer Numarası BCAM1. 099.1
245 10 - ESER ADI BİLDİRİMİ
Başlık Yumurcak Veda [Betacam SP Videorecording]
Sorumluluk Bildirimi Orhan Aksoy
260 ## - YAYIN, DAĞITIM, VB.
Yayın Yeri İstanbul
Yayınevi Erler Film
Yayın Tarihi 1974
500 ## - GENEL NOT
Genel Not 81 dakika, Renkli
504 ## - BİBLİYOGRAFİ NOTU
Bibliyografi Notu Babası küçükken ölmüş olan İlker, konserleri, turneleri ve diğer işleri nedeniyle oğluna zaman ayıramayan ünlü bir sanatçı olan Selma’nın yatılı okulda okuyan oğludur. Annesi o denli meşguldür ki, birbirlerini ancak yılda birkaç kez görebilmektedirler. Çevresindeki herkes İlker’in zenginlik içinde, harika bir hayat sürdüğünü sanır, oysa gerçek tam tersidir.
546 ## - DİL NOTU
Dil Notu Türkçe
610 ## - KONU BAŞLIĞI EK GİRİŞİ - KURUM ADI
Kurum Adı Erler Film
650 00 - KONU BAŞLIĞI EK GİRİŞ - KONU TERİMİ
Konusal terim veya coğrafi ad Dram Filmleri Türk Sineması
Alt başlık biçimi Dram Filmleri Erler Film
Genel Alt Konu Çocuk Filmleri Erler Film
-- Betacam Arşivi Erler Film
Kronolojik Alt Konu 1974
Coğrafi Alt Konu Türkiye
700 1# - EK GİRİŞ - KİŞİ ADI
Yazar Adı (Kişi adı) Elmas, Orhan
İsimle beraber tarih varsa (doğum-ölüm) 1927-2002
İlişkili Terim Yönetmen
700 1# - EK GİRİŞ - KİŞİ ADI
Yazar Adı (Kişi adı) İnanoğlu, Türker
İsimle beraber tarih varsa (doğum-ölüm) 1936-
İlişkili Terim Yapımcı
700 1# - EK GİRİŞ - KİŞİ ADI
Yazar Adı (Kişi adı) Özlüer, Fuat
İsimle beraber tarih varsa (doğum-ölüm) 1921-1995
İlişkili Terim Senarist
700 1# - EK GİRİŞ - KİŞİ ADI
Yazar Adı (Kişi adı) Gürtop, Çetin
İsimle beraber tarih varsa (doğum-ölüm) 1936-2009
İlişkili Terim Görüntü Yönetmeni
700 1# - EK GİRİŞ - KİŞİ ADI
Yazar Adı (Kişi adı) İnanoğlu, İlker
İsimle beraber tarih varsa (doğum-ölüm) 1965-
İlişkili Terim Oyuncu
700 1# - EK GİRİŞ - KİŞİ ADI
Yazar Adı (Kişi adı) Akın, Filiz
İsimle beraber tarih varsa (doğum-ölüm) 1943-
İlişkili Terim Oyuncu
700 1# - EK GİRİŞ - KİŞİ ADI
Yazar Adı (Kişi adı) Kentmen, Hulusi
İsimle beraber tarih varsa (doğum-ölüm) 1912-1993
İlişkili Terim Oyuncu
700 1# - EK GİRİŞ - KİŞİ ADI
Yazar Adı (Kişi adı) Kayabaş, Bülent
İsimle beraber tarih varsa (doğum-ölüm) 1945-2017
İlişkili Terim Oyuncu
700 1# - EK GİRİŞ - KİŞİ ADI
Yazar Adı (Kişi adı) Sim, Mürüvvet
İsimle beraber tarih varsa (doğum-ölüm) 1929-1983
İlişkili Terim Oyuncu
700 1# - EK GİRİŞ - KİŞİ ADI
Yazar Adı (Kişi adı) Tosun, Necdet
İsimle beraber tarih varsa (doğum-ölüm) 1926-1975
İlişkili Terim Oyuncu
700 1# - EK GİRİŞ - KİŞİ ADI
Yazar Adı (Kişi adı) Kurtuluş, Cevat
İsimle beraber tarih varsa (doğum-ölüm) 1922-1992
İlişkili Terim Oyuncu
700 1# - EK GİRİŞ - KİŞİ ADI
Yazar Adı (Kişi adı) Anıl, Şebnem
İlişkili Terim Oyuncu
700 1# - EK GİRİŞ - KİŞİ ADI
Yazar Adı (Kişi adı) Ceylan, Gülten
İsimle beraber tarih varsa (doğum-ölüm) 1946-
İlişkili Terim Oyuncu
700 1# - EK GİRİŞ - KİŞİ ADI
Yazar Adı (Kişi adı) Coşkun, Faik
İsimle beraber tarih varsa (doğum-ölüm) 1914-1978
İlişkili Terim Oyuncu
700 1# - EK GİRİŞ - KİŞİ ADI
Yazar Adı (Kişi adı) Dümer, Ekrem
İsimle beraber tarih varsa (doğum-ölüm) 1928-2000
İlişkili Terim Oyuncu
700 1# - EK GİRİŞ - KİŞİ ADI
Yazar Adı (Kişi adı) Ergüvenç, Kemal
İsimle beraber tarih varsa (doğum-ölüm) 1921-1976
İlişkili Terim Seslendirme
700 1# - EK GİRİŞ - KİŞİ ADI
Yazar Adı (Kişi adı) Fosforoğlu, Renan
İsimle beraber tarih varsa (doğum-ölüm) 1918-1991
İlişkili Terim Oyuncu
700 1# - EK GİRİŞ - KİŞİ ADI
Yazar Adı (Kişi adı) Kaptan, Atıf
İsimle beraber tarih varsa (doğum-ölüm) 1908-1977
İlişkili Terim Oyuncu
700 1# - EK GİRİŞ - KİŞİ ADI
Yazar Adı (Kişi adı) Ofluoğlu, Mücap
İsimle beraber tarih varsa (doğum-ölüm) 1923-2012
İlişkili Terim Oyuncu
700 1# - EK GİRİŞ - KİŞİ ADI
Yazar Adı (Kişi adı) Bavli, Doğan
İsimle beraber tarih varsa (doğum-ölüm) 1941-2021
İlişkili Terim Seslendirme
700 1# - EK GİRİŞ - KİŞİ ADI
Yazar Adı (Kişi adı) Caymaz, Timuçin
İsimle beraber tarih varsa (doğum-ölüm) 1928-2000
İlişkili Terim Seslendirme
700 1# - EK GİRİŞ - KİŞİ ADI
Yazar Adı (Kişi adı) Kasapbaşoğlu, Nilgün
İsimle beraber tarih varsa (doğum-ölüm) 1955-
İlişkili Terim Seslendirme
700 1# - EK GİRİŞ - KİŞİ ADI
Yazar Adı (Kişi adı) Ofluoğlu, Mücap
İsimle beraber tarih varsa (doğum-ölüm) 1923-2012
İlişkili Terim Seslendirme
700 1# - EK GİRİŞ - KİŞİ ADI
Yazar Adı (Kişi adı) Tözüm, Jeyan Mahfi
İsimle beraber tarih varsa (doğum-ölüm) 1929-
İlişkili Terim Seslendirme
700 1# - EK GİRİŞ - KİŞİ ADI
Yazar Adı (Kişi adı) Ünsal, Memduh
İsimle beraber tarih varsa (doğum-ölüm) 1934-
İlişkili Terim Oyuncu
700 1# - EK GİRİŞ - KİŞİ ADI
Yazar Adı (Kişi adı) Erler Film
856 ## - ELEKTRONİK YER ve ERİŞİM
Materyale ilişkin tanımlama Yumurcak Veda Film Afişi
Kaynak Tanımlayıcı (URL) <a href="https://disk.yandex.com/i/olGmruzA1-9KTg">https://disk.yandex.com/i/olGmruzA1-9KTg</a>
942 ## - EK GİRİŞ ÖGELERİ (KOHA)
Source of classification or shelving scheme Dewey Decimal Classification
Koha item type Görsel-İşitsel Materyaller

No items available.